The Calcutta chromosome : (Record no. 63146)

MARC details
000 -LEADER
fixed length control field 02561nam a22003497a 4500
005 - DATE AND TIME OF LATEST TRANSACTION
control field 20120216122340.0
010 ## - LCCN (DPL NO)
LC control number B-453829-833 B-460952-956
020 ## - INTERNATIONAL STANDARD BOOK NUMBER
International Standard Book Number 9780143066552
Terms of availability 299.00
035 ## - SYSTEM CONTROL NUMBER
System control number B-453829-833 B-460952-956
037 ## - SOURCE OF ACQUISITION
Source of stock number/acquisition R.B.C/VEN
037 ## - SOURCE OF ACQUISITION
Source of stock number/acquisition Allied Pub/Ven
082 ## - DEWEY DECIMAL CLASSIFICATION NUMBER
Classification number N
100 ## - MAIN ENTRY--PERSONAL NAME
Personal name Ghosh, Amitav
245 ## - TITLE STATEMENT
Title The Calcutta chromosome :
Statement of responsibility, etc by Amitav Ghosh
260 ## - PUBLICATION, DISTRIBUTION, ETC. (IMPRINT)
Place of publication, distribution, etc New Delhi
Name of publisher, distributor, etc Penguin Books
Date of publication, distribution, etc 2008
-- 2009
270 ## - ADDRESS
Address 11, Community Center,Panchsheel Park,
City New Delhi
Postal code 110017
300 ## - PHYSICAL DESCRIPTION
Extent 262p
Dimensions 20cm(pbk)
700 ## - ADDED ENTRY--PERSONAL NAME
9 (RLIN) 42505
942 ## - ADDED ENTRY ELEMENTS (KOHA)
Source of classification or shelving scheme Dewey Decimal Classification
Item type English Books
Call number suffix GHO
Classification part N
Holdings
Withdrawn status Lost status Not for loan Collection code Home library Current library Date acquired Source of acquisition Cost, normal purchase price Full call number Barcode Copy number Cost, replacement price Koha item type Public note
      Fiction Andrews Gunj Andrews Gunj 07/09/2012 Allied Pub/DE/2011/CR/1818/30.01.2012/27/18.01.2012/10.02.12 325.00 N GHO B-460954 1 325.00 English Books  
      Fiction Central Library Central Library 22/02/2012 RBC Pub/26777/20.10.2011/07/15.09.11/30.11.11 299.00 N GHO B-453829 1 299.00 English Books  
      Fiction Janak Puri Janak Puri 07/09/2012 Allied Pub/DE/2011/CR/1818/30.01.2012/27/18.01.2012/10.02.12 325.00 N GHO B-460952 1 325.00 English Books  
      Fiction Karol Bagh Karol Bagh 22/02/2012 RBC Pub/26777/20.10.2011/07/15.09.11/30.11.11 299.00 N GHO B-453832 1 299.00 English Books  
  Lost and Paid For   Fiction Narela Narela 07/09/2012 Allied Pub/DE/2011/CR/1818/30.01.2012/27/18.01.2012/10.02.12 325.00 N GHO B-460956 1 325.00 English Books  
      Fiction Patel Nagar Patel Nagar 22/02/2012 RBC Pub/26777/20.10.2011/07/15.09.11/30.11.11 299.00 N GHO B-453830 1 299.00 English Books  
      Fiction R.K.Puram-8 R.K.Puram-8 07/09/2012 Allied Pub/DE/2011/CR/1818/30.01.2012/27/18.01.2012/10.02.12 325.00 N GHO B-460953 1 325.00 English Books  
      Fiction Sarojini Nagar Sarojini Nagar 22/02/2012 RBC Pub/26777/20.10.2011/07/15.09.11/30.11.11 299.00 N GHO B-453831 1 299.00 English Books  
  Written-off vide DLB M. No. 383 dt 16.05.19   Fiction Shahdara Branch Shahdara Branch 22/02/2012 RBC Pub/26777/20.10.2011/07/15.09.11/30.11.11 299.00 N GHO B-453833 1 299.00 English Books  
  Written-off vide DLB M. No. 383 dt 16.05.19   Fiction Vinoba Puri Vinoba Puri 07/09/2012 Allied Pub/DE/2011/CR/1818/30.01.2012/27/18.01.2012/10.02.12 325.00 N GHO B-460955 1 325.00 English Books RECEIPT NO.34/005 DATED 05-02-2013 RS.325-00

© Delhi Public Library
Hit Counter
free hit counter